000
00324nam a2200133Ia 4500
008
240624s9999 xx 000 0 und d
041
_a
eng
082
_a
920 BRA
100
_a
BRANSON SIR RICHARD
245
_a
LOSING MY VIRGINITY
260
_c
2009
_a
New Delhi
_b
Random House India
300
_a
608 : p.
365
_c
RS
_b
30
999
_c
25377
_d
25377